[Event "HUN-chT2 Breyer 1819"]
[Site "Hungary"]
[Date "2019.03.10"]
[Round "7.9"]
[White "Molnar, Laszlo1111"]
[Black "Meszaros, Vilmos"]
[Result "0-1"]
[WhiteElo "1989"]
[BlackElo "1787"]
[PlyCount "86"]
[EventDate "2018.10.28"]
[EventType "team-tourn"]
[EventRounds "9"]
[EventCountry "HUN"]
[SourceTitle "EXT 2021"]
[Source "ChessBase"]
[SourceDate "2020.10.23"]
[SourceVersion "1"]
[SourceVersionDate "2020.10.23"]
[SourceQuality "1"]
[WhiteTeam "Naszaly Geniusz Tata"]
[BlackTeam "Nyergesujfalu"]
[WhiteTeamCountry "HUN"]
[BlackTeamCountry "HUN"]

1. e4 d5 2. exd5 Qxd5 3. Nc3 Qd8 4. d4 Nf6 5. Nf3 Bg4 6. h3 Bd7 7. Bf4 e6 8. Bd3 Bb4 9. 0-0 0-0 10. Bg5 h6 11. Bh4 Be7 12. Ne5 Nc6 13. Bxf6 Bxf6 14. Qe2 Nb4 15. Bc4 c6 16. Ne4 Nd5 17. Qg4 Bxe5 18. dxe5 Qc7 19. Qg3 Kh8 20. Rad1 Rae8 21. Bb3 c5 22. Nd6 Re7 23. c4 Nb4 24. a3 Nc6 25. Bc2 Nd4 26. Rxd4 cxd4 27. Qd3 f5 28. exf6 gxf6 29. Qxd4 Bc6 30. Qd2 Rg7 31. Qxh6+ Kg8 32. Ne4 Qf7 33. f3 Rg6 34. Qd2 Qg7 35. Nc5 f5 36. Bb1 Qe7 37. b4 Rd8 38. Qb2 b6 39. Nd3 Qg5 40. Ne5 Rd2 41. Qxd2 Qxd2 42. Nxg6 Qd4+ 43. Rf2 Kf7 0-1

[Event "HUN-chT2 Breyer 1819"]
[Site "Hungary"]
[Date "2019.02.24"]
[Round "6.9"]
[White "Meszaros, Vilmos"]
[Black "Balonyi, Roland"]
[Result "1/2-1/2"]
[WhiteElo "1787"]
[BlackElo "1727"]
[PlyCount "64"]
[EventDate "2018.10.28"]
[EventType "team-tourn"]
[EventRounds "9"]
[EventCountry "HUN"]
[SourceTitle "CBM 189 Extra"]
[Source "ChessBase"]
[SourceDate "2019.06.03"]
[SourceVersion "1"]
[SourceVersionDate "2019.06.03"]
[SourceQuality "1"]
[WhiteTeam "Nyergesujfalu"]
[BlackTeam "Esztergom"]
[WhiteTeamCountry "HUN"]
[BlackTeamCountry "HUN"]

1. e4 Nf6 2. Nc3 e5 3. Bc4 Bc5 4. d3 d6 5. h3 0-0 6. Bg5 c6 7. Qd2 Be6 8. Nf3 Bb4 9. Bb3 d5 10. exd5 cxd5 11. d4 e4 12. Ne5 h6 13. Bh4 g5 14. Bg3 Nc6 15. Nxc6 bxc6 16. h4 Bc8 17. 0-0-0 Re8 18. Rde1 a5 19. a4 e3 20. Rxe3 Ne4 21. Qe2 Ba6 22. Qh5 Nxc3 23. Rxe8+ Qxe8 24. bxc3 Ba3+ 25. Kb1 gxh4 26. Qxh4 Bf8 27. Qg4+ Kh7 28. Qf5+ Kg8 29. Qg4+ Kh7 30. Qf5+ Kg8 31. Qg4+ Kh7 32. Qf5+ Kg8 1/2-1/2

[Event "HUN-chT2 Breyer 1819"]
[Site "Hungary"]
[Date "2019.01.27"]
[Round "4.9"]
[White "Meszaros, Vilmos"]
[Black "D Albini, Geza"]
[Result "1/2-1/2"]
[WhiteElo "1787"]
[BlackElo "1978"]
[PlyCount "28"]
[EventDate "2018.10.28"]
[EventType "team-tourn"]
[EventRounds "9"]
[EventCountry "HUN"]
[SourceTitle "CBM 189 Extra"]
[Source "ChessBase"]
[SourceDate "2019.06.03"]
[SourceVersion "1"]
[SourceVersionDate "2019.06.03"]
[SourceQuality "1"]
[WhiteTeam "Nyergesujfalu"]
[BlackTeam "Vizugy"]
[WhiteTeamCountry "HUN"]
[BlackTeamCountry "HUN"]

1. Nf3 Nf6 2. c4 c5 3. b3 g6 4. Bb2 Bg7 5. g3 0-0 6. Bg2 Nc6 7. 0-0 e6 8. d3 d5 9. cxd5 exd5 10. Nbd2 b6 11. Re1 Bb7 12. Qc2 Re8 13. Rac1 Rc8 14. e3 Ba6 1/2-1/2

[Event "Gyor op-A 7th"]
[Site "Gyor"]
[Date "2016.07.09"]
[Round "7"]
[White "Meszaros, Vilmos"]
[Black "Mezes, Kristof"]
[Result "1/2-1/2"]
[WhiteElo "1832"]
[BlackElo "1470"]
[PlyCount "99"]
[EventDate "2016.07.06"]
[EventType "swiss"]
[EventRounds "9"]
[EventCountry "HUN"]
[SourceTitle "EXT 2017"]
[Source "ChessBase"]
[SourceDate "2016.10.25"]
[SourceVersion "1"]
[SourceVersionDate "2016.10.25"]
[SourceQuality "1"]

1. Nf3 e6 2. c4 d5 3. cxd5 exd5 4. g3 Nf6 5. Bg2 Bd6 6. d4 c5 7. dxc5 Bxc5 8. 0-0 0-0 9. Bg5 Be6 10. Nc3 h6 11. Bxf6 Qxf6 12. e3 Nc6 13. Rc1 Rfd8 14. Qa4 a6 15. Qf4 Qxf4 16. exf4 d4 17. Ne4 Ba7 18. b3 Rd7 19. Nc5 Bxc5 20. Rxc5 Rad8 21. Nd2 Bd5 22. Bh3 Be6 23. f5 Rd5 24. Rfc1 Bc8 25. Bg2 Rxf5 26. Rxf5 Bxf5 27. Bxc6 bxc6 28. Rxc6 Bc8 29. f3 Bb7 30. Rc4 d3 31. Rc7 Bxf3 32. Nxf3 d2 33. Nxd2 Rxd2 34. a4 Rb2 35. Rb7 Kh7 36. b4 f6 37. b5 axb5 38. axb5 Kg6 39. b6 h5 40. Rb8 Kg5 41. b7 g6 42. h4+ Kg4 43. Rg8 Rb1+ 44. Kf2 Rb2+ 45. Ke3 Rxb7 46. Rxg6+ Kf5 47. Rg8 Rb3+ 48. Kf2 Rb2+ 49. Ke3 Rb3+ 50. Kf2 1/2-1/2

[Event "Gyor op-A 7th"]
[Site "Gyor"]
[Date "2016.07.07"]
[Round "3"]
[White "Erky, Tamas"]
[Black "Meszaros, Vilmos"]
[Result "1-0"]
[WhiteElo "1705"]
[BlackElo "1832"]
[PlyCount "121"]
[EventDate "2016.07.06"]
[EventType "swiss"]
[EventRounds "9"]
[EventCountry "HUN"]
[SourceTitle "EXT 2017"]
[Source "ChessBase"]
[SourceDate "2016.10.25"]
[SourceVersion "1"]
[SourceVersionDate "2016.10.25"]
[SourceQuality "1"]

1. e3 c5 2. d4 cxd4 3. exd4 Nf6 4. Nf3 d5 5. c3 Nc6 6. h3 Bf5 7. Bd3 Bg6 8. Bxg6 hxg6 9. Bf4 e6 10. Nbd2 Bd6 11. Bxd6 Qxd6 12. Qb3 Rb8 13. Rc1 b5 14. a4 a6 15. 0-0 0-0 16. Rfe1 Rfc8 17. Ra1 Kh7 18. Ne5 Qc7 19. Ndf3 Nxe5 20. Nxe5 Ne4 21. f3 Nd6 22. axb5 Rxb5 23. Qc2 Nf5 24. Rxa6 Qb7 25. Rea1 Nxd4 26. Qf2 Nf5 27. Nd3 Qe7 28. g4 Nh6 29. Qg3 g5 30. Ra7 Rb7 31. R7a4 Rc4 32. R1a2 f5 33. Ra6 Rbc7 34. Qe1 R4c6 35. Qe3 f4 36. Qd4 Rxa6 37. Rxa6 Nf7 38. Ne5 Nxe5 39. Qxe5 Qc5+ 40. Kg2 Qb5 41. Ra2 Qc5 42. Qxg5 Qc4 43. Qh5+ Kg8 44. Ra8+ Rc8 45. Rxc8+ Qxc8 46. Qe5 Kf7 47. Qxf4+ Ke7 48. Qg5+ Kf7 49. Qd2 Qc4 50. b4 e5 51. Qe3 Kf6 52. f4 Qc7 53. Qxe5+ Qxe5 54. fxe5+ Kxe5 55. Kf3 g5 56. Ke3 Kd6 57. Kd4 Ke6 58. b5 Kd6 59. b6 Kc6 60. b7 Kxb7 61. Kxd5 1-0

[Event "Tatabanya Regional-ch"]
[Site "Tatabanya"]
[Date "2014.12.29"]
[Round "5"]
[White "Meszaros, Vilmos"]
[Black "Haris, Darius"]
[Result "1/2-1/2"]
[WhiteElo "1850"]
[BlackElo "1521"]
[PlyCount "38"]
[EventDate "2014.12.27"]
[EventType "swiss"]
[EventRounds "7"]
[EventCountry "HUN"]
[SourceTitle "CBM 164 Extra"]
[Source "ChessBase"]
[SourceDate "2015.03.02"]
[SourceVersion "1"]
[SourceVersionDate "2015.03.02"]
[SourceQuality "1"]

1. e4 e5 2. Nf3 Nc6 3. Bc4 Bc5 4. d3 Nf6 5. Bg5 d6 6. h3 h6 7. Bxf6 Qxf6 8. Nc3 Nd4 9. Nd5 Nxf3+ 10. gxf3 Qd8 11. b4 Bb6 12. Nxb6 axb6 13. f4 exf4 14. Qh5 Qf6 15. Kd2 Be6 16. Bxe6 Qxe6 17. a4 Qe5 18. Qg4 g5 19. h4 f6 1/2-1/2

[Event "Tatabanya Regional-ch"]
[Site "Tatabanya"]
[Date "2014.12.28"]
[Round "4"]
[White "Meszaros, Edmond Vilmos"]
[Black "Meszaros, Vilmos"]
[Result "1/2-1/2"]
[WhiteElo "1722"]
[BlackElo "1850"]
[PlyCount "67"]
[EventDate "2014.12.27"]
[EventType "swiss"]
[EventRounds "7"]
[EventCountry "HUN"]
[SourceTitle "CBM 164 Extra"]
[Source "ChessBase"]
[SourceDate "2015.03.02"]
[SourceVersion "1"]
[SourceVersionDate "2015.03.02"]
[SourceQuality "1"]

1. Nf3 d5 2. c4 dxc4 3. Qa4+ Nc6 4. Qxc4 Nf6 5. Qc2 Bg4 6. g3 Bxf3 7. exf3 Nd4 8. Qd1 Qd5 9. Bg2 Qe5+ 10. Kf1 Qb5+ 11. d3 0-0-0 12. Nc3 Qa6 13. Bh3+ e6 14. Kg2 h5 15. Bg5 Be7 16. Qa4 Qxa4 17. Nxa4 Nd5 18. Bxe7 Nxe7 19. f4 h4 20. Bg4 f5 21. Bh3 Ndc6 22. Nc5 Nd4 23. Rad1 b6 24. Nb3 Nec6 25. Nxd4 Nxd4 26. Rd2 Rd6 27. Re1 g6 28. f3 hxg3 29. Kxg3 Nxf3 30. Kxf3 Rxh3+ 31. Kg2 Rh6 32. Kf2 Rh3 33. Kg2 Rh6 34. Kf2 1/2-1/2

[Event "Tatabanya Regional-ch"]
[Site "Tatabanya"]
[Date "2014.12.27"]
[Round "1"]
[White "Meszaros, Vilmos"]
[Black "Gyurenka, Adam"]
[Result "0-1"]
[WhiteElo "1850"]
[BlackElo "1436"]
[PlyCount "106"]
[EventDate "2014.12.27"]
[EventType "swiss"]
[EventRounds "7"]
[EventCountry "HUN"]
[SourceTitle "CBM 164 Extra"]
[Source "ChessBase"]
[SourceDate "2015.03.02"]
[SourceVersion "1"]
[SourceVersionDate "2015.03.02"]
[SourceQuality "1"]

1. e4 c5 2. Nf3 e6 3. Nc3 Nc6 4. d4 cxd4 5. Nxd4 d6 6. Be3 Nf6 7. Be2 Be7 8. 0-0 0-0 9. Qd2 h6 10. Rad1 a6 11. a3 Qc7 12. f4 Rd8 13. f5 e5 14. Nxc6 bxc6 15. Bxh6 gxh6 16. Qxh6 Nh7 17. Rd3 Bf8 18. Rg3+ Kh8 19. Qh4 f6 20. Bh5 Rd7 21. Bg6 Rg7 22. Bxh7 Rxh7 23. Qxf6+ Bg7 24. Qg5 Bb7 25. f6 Bh6 26. Qg6 Qf7 27. Ne2 Rf8 28. Qf5 Bc8 29. Qf2 Be6 30. Rf3 Bg5 31. Ng3 Bf4 32. Rxf4 exf4 33. Qxf4 Rd8 34. Rd1 Qc7 35. b3 Rdd7 36. h3 Qd8 37. Ne2 c5 38. Kh2 Qf8 39. Rd3 Qh6 40. Qg3 Qh4 41. Nf4 Qxf6 42. Ng6+ Kg8 43. Ne5+ Rdg7 44. Nd7 Qe7 45. Qxd6 Qxd6+ 46. Rxd6 Bxd7 47. Rxa6 Rh4 48. Rd6 Rxe4 49. Rd2 Rge7 50. Rd5 R4e5 51. Rd3 Re2 52. Rg3+ Rg7 53. Rd3 Rexg2+ 0-1

[Event "Tatabanya Genius Cup 2nd"]
[Site "Tatabanya"]
[Date "2014.09.06"]
[Round "6"]
[White "Pasztor, Balazs"]
[Black "Meszaros, Vilmos"]
[Result "1/2-1/2"]
[WhiteElo "1410"]
[BlackElo "1874"]
[PlyCount "53"]
[EventDate "2014.08.31"]
[EventType "swiss"]
[EventRounds "6"]
[EventCountry "HUN"]
[SourceTitle "EXT 2019"]
[Source "ChessBase"]
[SourceDate "2018.10.10"]
[SourceVersion "1"]
[SourceVersionDate "2018.10.10"]
[SourceQuality "1"]

1. e4 Nf6 2. e5 Nd5 3. c4 Nb6 4. d4 d6 5. exd6 exd6 6. Nf3 Bg4 7. h3 Bh5 8. b3 Be7 9. Be2 Bf6 10. Be3 Nc6 11. 0-0 Bg6 12. Bd3 0-0 13. Nc3 Re8 14. a3 a5 15. Qc2 Ne7 16. Rad1 d5 17. c5 Nd7 18. Bf4 c6 19. b4 axb4 20. axb4 Nf8 21. Bh2 Ne6 22. b5 Bxd4 23. Bxg6 Bxc3 24. Bxh7+ Kh8 25. Be5 Bxe5 26. Nxe5 Rf8 27. bxc6 1/2-1/2

[Event "Tatabanya Genius Cup 2nd"]
[Site "Tatabanya"]
[Date "2014.08.31"]
[Round "3"]
[White "Meszaros, Vilmos"]
[Black "Kukel, Imre"]
[Result "0-1"]
[WhiteElo "1874"]
[BlackElo "1824"]
[PlyCount "144"]
[EventDate "2014.08.31"]
[EventType "swiss"]
[EventRounds "6"]
[EventCountry "HUN"]
[SourceTitle "EXT 2019"]
[Source "ChessBase"]
[SourceDate "2018.10.10"]
[SourceVersion "1"]
[SourceVersionDate "2018.10.10"]
[SourceQuality "1"]

1. b4 e5 2. Bb2 Bxb4 3. Bxe5 Nf6 4. Nf3 d5 5. e3 Bg4 6. Be2 Nbd7 7. Bc3 Bd6 8. d3 0-0 9. h3 Bh5 10. 0-0 c6 11. Nbd2 b5 12. a4 b4 13. Bb2 c5 14. c4 Rc8 15. cxd5 Nxd5 16. Qb3 N7f6 17. Nc4 Bb8 18. Rfd1 Re8 19. d4 Nf4 20. exf4 Rxe2 21. dxc5 Qe7 22. Bxf6 Qxf6 23. Qd3 Bxf3 24. Qxf3 Rc2 25. Qb7 Rf8 26. Ne3 Rxc5 27. Qxb4 Qc6 28. Rab1 Bc7 29. Qb7 Qxa4 30. Ra1 Qxf4 31. g3 Qg5 32. Rd5 Rxd5 33. Qxd5 Qxd5 34. Nxd5 Bb6 35. Nxb6 axb6 36. Rb1 Rb8 37. Kg2 Kf8 38. Kf3 Ke7 39. Ke4 Kd6 40. Kd4 b5 41. Kc3 Kc5 42. Kb3 Rb7 43. Rb2 h5 44. h4 g6 45. Rd2 Re7 46. Rc2+ Kb6 47. Kb4 Re4+ 48. Kb3 f6 49. Rd2 Kc5 50. Ra2 Rb4+ 51. Kc3 Ra4 52. Re2 Ra3+ 53. Kb2 Rf3 54. Rd2 b4 55. Re2 Kc4 56. Rd2 b3 57. Re2 Kd3 58. Re6 Kd2 59. Re7 Rxf2 60. Kxb3 Rf3+ 61. Kc4 Rxg3 62. Kd5 f5 63. Rf7 Ke2 64. Ra7 Re3 65. Ra6 f4 66. Rxg6 f3 67. Rg1 f2 68. Rg2 Kf3 69. Rg8 f1Q 70. Rf8+ Ke2 71. Rxf1 Kxf1 72. Kd4 Re8 0-1

[Event "Komarom Esztergom County-chT"]
[Site "Hungary"]
[Date "2013.02.10"]
[Round "6.3"]
[White "Dekany, Lajos"]
[Black "Meszaros, Vilmos"]
[Result "1-0"]
[WhiteElo "2033"]
[BlackElo "1948"]
[PlyCount "103"]
[EventDate "2012.09.29"]
[EventType "team-tourn"]
[EventRounds "10"]
[EventCountry "HUN"]
[SourceTitle "EXT 2014"]
[Source "ChessBase"]
[SourceDate "2013.11.20"]
[SourceVersion "1"]
[SourceVersionDate "2013.11.20"]
[SourceQuality "1"]
[WhiteTeam "Koernyei SE"]
[BlackTeam "Kisber Aszar"]
[WhiteTeamCountry "HUN"]
[BlackTeamCountry "HUN"]

1. Nf3 d5 2. d4 c5 3. c3 e6 4. Bf4 Nc6 5. e3 Nf6 6. Nbd2 cxd4 7. exd4 Bd6 8. Bg5 Be7 9. Bd3 h6 10. Bh4 0-0 11. 0-0 Nh5 12. Bxe7 Qxe7 13. Re1 Nf4 14. Bf1 Qf6 15. Qc2 Bd7 16. Rac1 Qg6 17. Qxg6 Nxg6 18. g3 Rac8 19. Bd3 Nge7 20. Nb3 b6 21. Ba6 Rcd8 22. Re2 Bc8 23. Bd3 Bb7 24. Nbd2 Nc8 25. Bb5 N8e7 26. h4 h5 27. Ne1 a6 28. Bd3 g6 29. Ng2 Kg7 30. Rce1 b5 31. a3 Na5 32. Nf4 Nc4 33. Nf3 Bc8 34. Ng5 Rd6 35. f3 Rfd8 36. g4 hxg4 37. fxg4 Rh8 38. Nf3 Rdd8 39. Kg2 Rdg8 40. Kg3 Kf8 41. Ng5 Rg7 42. b3 Na5 43. b4 Nc4 44. Bxc4 bxc4 45. a4 Rgg8 46. b5 Kg7 47. bxa6 Bxa6 48. Ngxe6+ fxe6 49. Rxe6 Re8 50. Rxe7+ Rxe7 51. Rxe7+ Kf8 52. Nxg6+ 1-0

[Event "HUN-chT2 Breyer 1112"]
[Site "Hungary"]
[Date "2012.05.20"]
[Round "11.2"]
[White "Csoke, Krisztian"]
[Black "Meszaros, Vilmos"]
[Result "1-0"]
[WhiteElo "2251"]
[BlackElo "1912"]
[PlyCount "69"]
[EventDate "2011.09.25"]
[EventType "team-tourn"]
[EventRounds "11"]
[EventCountry "HUN"]
[SourceTitle "EXT 2013"]
[Source "ChessBase"]
[SourceDate "2012.11.22"]
[SourceVersion "1"]
[SourceVersionDate "2012.11.22"]
[SourceQuality "1"]
[WhiteTeam "Biatorbagy"]
[BlackTeam "Kisber Aszar"]
[WhiteTeamCountry "HUN"]
[BlackTeamCountry "HUN"]

1. e4 g6 2. d4 Bg7 3. Nc3 d6 4. f4 a6 5. Nf3 b5 6. a3 Bb7 7. Be3 Nd7 8. d5 c5 9. Be2 Ngf6 10. Nd2 0-0 11. 0-0 e6 12. dxe6 fxe6 13. Bf3 Qc7 14. Ne2 Rad8 15. c3 d5 16. e5 Ne4 17. Bxe4 dxe4 18. Qc2 Bh6 19. Nxe4 Qc6 20. N2g3 Nxe5 21. Bxc5 Rxf4 22. Rxf4 Bxf4 23. Rd1 Rxd1+ 24. Qxd1 Qc8 25. Nf6+ Kf7 26. Nge4 Bxe4 27. Nxe4 Qd7 28. Qf1 Nd3 29. Bd4 e5 30. Bxe5 Ke6 31. Bxf4 Qa7+ 32. Kh1 Nxb2 33. Qe2 Nc4 34. Nd6+ Kd7 35. Qe8+ 1-0

[Event "HUN-chT2 Charousek 1112"]
[Site "Hungary"]
[Date "2012.05.06"]
[Round "10"]
[White "Farkas, Richard"]
[Black "Meszaros, Vilmos"]
[Result "1-0"]
[WhiteElo "2009"]
[BlackElo "1983"]
[PlyCount "85"]
[EventDate "2011.09.25"]
[EventType "team-tourn"]
[EventRounds "11"]
[EventCountry "HUN"]
[SourceTitle "EXT 2013"]
[Source "ChessBase"]
[SourceDate "2012.11.22"]
[SourceVersion "1"]
[SourceVersionDate "2012.11.22"]
[SourceQuality "1"]
[WhiteTeam "Budapest MTK"]
[BlackTeam "Kisber Aszar"]
[WhiteTeamCountry "HUN"]
[BlackTeamCountry "HUN"]

1. e4 g6 2. d4 Bg7 3. Nf3 d6 4. Bc4 a6 5. Nc3 e6 6. 0-0 b5 7. Bd3 Bb7 8. Re1 Ne7 9. Be3 Nd7 10. Qd2 c5 11. dxc5 Nxc5 12. a3 Qc7 13. Bxb5+ Kf8 14. Bd3 h6 15. Bd4 Nxd3 16. Qxd3 Rd8 17. Rad1 e5 18. Bxe5 Bxe5 19. Nxe5 Kg7 20. Ng4 Rhf8 21. Ne3 f5 22. exf5 Nxf5 23. Nxf5+ Rxf5 24. Qd4+ Kh7 25. Re6 Rdf8 26. f3 d5 27. Rde1 R5f7 28. Qb4 Qd8 29. Qg4 Rg7 30. Qg3 Rff7 31. Kh1 d4 32. Ne4 Bxe4 33. R6xe4 d3 34. Re8 Qd4 35. cxd3 Qxb2 36. Qd6 Qf6 37. Qb8 g5 38. Qa8 Re7 39. R8xe7 Rxe7 40. Rxe7+ Qxe7 41. Qe4+ Qxe4 42. fxe4 Kg6 43. d4 1-0

[Event "HUN-chT2 Breyer 1112"]
[Site "Hungary"]
[Date "2012.04.22"]
[Round "9.3"]
[White "Meszaros, Vilmos"]
[Black "Csoli, Odon"]
[Result "0-1"]
[WhiteElo "1912"]
[BlackElo "2165"]
[PlyCount "120"]
[EventDate "2011.09.25"]
[EventType "team-tourn"]
[EventRounds "11"]
[EventCountry "HUN"]
[SourceTitle "EXT 2013"]
[Source "ChessBase"]
[SourceDate "2012.11.22"]
[SourceVersion "1"]
[SourceVersionDate "2012.11.22"]
[SourceQuality "1"]
[WhiteTeam "Kisber Aszar"]
[BlackTeam "Szazhalombatta"]
[WhiteTeamCountry "HUN"]
[BlackTeamCountry "HUN"]

1. Nf3 d5 2. c4 e6 3. b3 Nf6 4. Bb2 Be7 5. g3 0-0 6. Bg2 c6 7. 0-0 Nbd7 8. d4 b6 9. Nc3 Bb7 10. Rc1 Rc8 11. e3 Bd6 12. Qd2 Qe7 13. Rfd1 Rfd8 14. Ne1 Bb4 15. Qc2 Bxc3 16. Bxc3 c5 17. Qb2 cxd4 18. Bxd4 e5 19. Bc3 e4 20. cxd5 Bxd5 21. Bh3 Be6 22. Bf1 Nc5 23. Bd4 Ne8 24. b4 Nd7 25. Ba6 Rxc1 26. Rxc1 Ndf6 27. Ng2 Nd5 28. a3 f6 29. Nf4 Nxf4 30. gxf4 Qf7 31. Be2 Nd6 32. Kh1 Nf5 33. Bc3 Nh4 34. Rg1 Kh8 35. Qb1 Nf3 36. Bxf3 exf3 37. f5 Bc8 38. Qe4 Bb7 39. Qf4 Qd5 40. Qg3 Qd7 41. Qg4 Re8 42. Rg3 Rxe3 43. Qd4 Qxd4 44. Bxd4 Rxa3 45. h4 Rd3 46. Rg4 Rb3 47. h5 h6 48. Kh2 Rxb4 49. Kg3 a5 50. Rf4 a4 51. Bc3 Rxf4 52. Kxf4 a3 53. Ke3 a2 54. Kd2 Kg8 55. Kc1 Be4 56. Kb2 Bxf5 57. Kxa2 Bg4 58. Bd4 b5 59. Kb3 Bxh5 60. Kc3 Kf7 0-1

[Event "HUN-chT2 Breyer 1112"]
[Site "Hungary"]
[Date "2012.03.25"]
[Round "8.4"]
[White "Meszaros, Vilmos"]
[Black "Toth, Gyula"]
[Result "1/2-1/2"]
[WhiteElo "1912"]
[BlackElo "2099"]
[PlyCount "82"]
[EventDate "2011.09.25"]
[EventType "team-tourn"]
[EventRounds "11"]
[EventCountry "HUN"]
[SourceTitle "EXT 2013"]
[Source "ChessBase"]
[SourceDate "2012.11.22"]
[SourceVersion "1"]
[SourceVersionDate "2012.11.22"]
[SourceQuality "1"]
[WhiteTeam "Kisber Aszar"]
[BlackTeam "Zoltek"]
[WhiteTeamCountry "HUN"]
[BlackTeamCountry "HUN"]

1. Nf3 d5 2. c4 c6 3. g3 e6 4. cxd5 exd5 5. Bg2 Nf6 6. d4 Bd6 7. Nc3 0-0 8. Bg5 Re8 9. 0-0 h6 10. Bxf6 Qxf6 11. Qd2 Bf5 12. a3 Na6 13. e3 Nc7 14. Rac1 Rad8 15. Rfe1 Bg4 16. Qd1 Bf8 17. h3 Bh5 18. g4 Bg6 19. Ne5 Bh7 20. f4 a6 21. Na4 Nb5 22. Nc5 Qe7 23. f5 Qc7 24. Qf3 Bxc5 25. Rxc5 f6 26. Nd3 Qd7 27. Rc2 Re7 28. a4 Nd6 29. Nc5 Qc8 30. b3 Rde8 31. Qg3 Qd8 32. Rce2 Kh8 33. Ne6 Qb8 34. Nf4 Kg8 35. Kh2 Rd8 36. Ne6 Rde8 37. e4 dxe4 38. Bxe4 Nf7 39. Qxb8 Rxb8 40. d5 Ne5 41. Kg3 Rd7 1/2-1/2

[Event "HUN-chT2 Breyer 1112"]
[Site "Hungary"]
[Date "2012.03.11"]
[Round "7.2"]
[White "Dupsky, Laszlo"]
[Black "Meszaros, Vilmos"]
[Result "1-0"]
[WhiteElo "2280"]
[BlackElo "1983"]
[PlyCount "79"]
[EventDate "2011.09.25"]
[EventType "team-tourn"]
[EventRounds "11"]
[EventCountry "HUN"]
[SourceTitle "EXT 2013"]
[Source "ChessBase"]
[SourceDate "2012.11.22"]
[SourceVersion "1"]
[SourceVersionDate "2012.11.22"]
[SourceQuality "1"]
[WhiteTeam "Torokbalint"]
[BlackTeam "Kisber Aszar"]
[WhiteTeamCountry "HUN"]
[BlackTeamCountry "HUN"]

1. d4 g6 2. e4 Bg7 3. Nf3 d6 4. Nc3 a6 5. Bf4 b5 6. a4 b4 7. Nd5 Bb7 8. Bc4 Nf6 9. Nxf6+ exf6 10. 0-0 0-0 11. Re1 Nd7 12. Qd2 a5 13. Bh6 Re8 14. Bxg7 Kxg7 15. Qf4 Nb6 16. Bd3 d5 17. e5 Re6 18. b3 Nd7 19. Re3 Ba6 20. Rae1 Bxd3 21. Rxd3 h6 22. h4 Qe7 23. h5 fxe5 24. dxe5 c6 25. hxg6 fxg6 26. Nd4 Rxe5 27. Rde3 Re4 28. Rxe4 dxe4 29. Rxe4 Qf6 30. Qc7 Qf7 31. Nxc6 Re8 32. Rxe8 Qxe8 33. Nxa5 Qe1+ 34. Kh2 Qe6 35. Nc4 Kf6 36. a5 Nf8 37. Qb6 Qxb6 38. Nxb6 Ne6 39. a6 Nc7 40. a7 1-0

[Event "HUN-chT2 Breyer 1112"]
[Site "Hungary"]
[Date "2011.10.30"]
[Round "2.4"]
[White "Meszaros, Vilmos"]
[Black "Nagy, Aron"]
[Result "1/2-1/2"]
[WhiteElo "1912"]
[BlackElo "2047"]
[PlyCount "130"]
[EventDate "2011.09.25"]
[EventType "team-tourn"]
[EventRounds "11"]
[EventCountry "HUN"]
[SourceTitle "EXT 2013"]
[Source "ChessBase"]
[SourceDate "2012.11.22"]
[SourceVersion "1"]
[SourceVersionDate "2012.11.22"]
[SourceQuality "1"]
[WhiteTeam "Kisber Aszar"]
[BlackTeam "Husi"]
[WhiteTeamCountry "HUN"]
[BlackTeamCountry "HUN"]

1. Nf3 d5 2. c4 e6 3. cxd5 exd5 4. g3 Nf6 5. Bg2 Be7 6. 0-0 0-0 7. d4 c6 8. Nc3 Bf5 9. Nh4 Be6 10. Nf3 Nbd7 11. Bg5 Ne4 12. Bxe7 Qxe7 13. Nxe4 dxe4 14. Nd2 Bd5 15. e3 Rfe8 16. b3 a5 17. Qc2 f5 18. h3 g6 19. Rfc1 a4 20. Bf1 b5 21. Be2 axb3 22. axb3 Ra3 23. Rxa3 Qxa3 24. Nb1 Qb4 25. Bd1 Ra8 26. Nc3 Bf7 27. Ne2 Ra6 28. Kg2 Nf6 29. Qc5 Nd5 30. g4 Qxc5 31. dxc5 Nb4 32. Nd4 Nd3 33. Rb1 fxg4 34. Bxg4 Nxc5 35. b4 Nd3 36. Kg3 Bd5 37. f3 exf3 38. Bxf3 Bxf3 39. Kxf3 Ne5+ 40. Kf4 Nc4 41. Re1 Kf7 42. h4 h6 43. e4 Ke7 44. e5 Nb2 45. Re3 Na4 46. Ke4 c5 47. bxc5 Nxc5+ 48. Kd5 Nd7 49. Nxb5 Ra5 50. Kc6 Ra4 51. e6 Rc4+ 52. Kb7 Nc5+ 53. Kc6 Nxe6+ 54. Kb7 Kf6 55. h5 g5 56. Nd6 Rb4+ 57. Kc6 Nf4 58. Kc5 Rb1 59. Ne4+ Kf5 60. Nf2 Rb2 61. Ne4 Nxh5 62. Kc4 Nf4 63. Nd6+ Kg4 64. Nf7 h5 65. Nh6+ Kh4 1/2-1/2

[Event "Lakitelek Magyarok op"]
[Site "Lakitelek"]
[Date "2011.08.14"]
[Round "9"]
[White "Juhasz, Bencze"]
[Black "Meszaros, Vilmos"]
[Result "0-1"]
[WhiteElo "1895"]
[BlackElo "1941"]
[PlyCount "54"]
[EventDate "2011.08.06"]
[EventType "swiss"]
[EventRounds "9"]
[EventCountry "HUN"]
[SourceTitle "CBM 144 Extra"]
[Source "ChessBase"]
[SourceDate "2011.10.28"]
[SourceVersion "1"]
[SourceVersionDate "2011.10.28"]
[SourceQuality "1"]

1. e4 e6 2. d4 d5 3. Nd2 Nf6 4. e5 Nfd7 5. f4 c5 6. c3 Nc6 7. Ndf3 Be7 8. Bd3 cxd4 9. cxd4 Qb6 10. Ne2 0-0 11. 0-0 f6 12. Kh1 f5 13. a4 a6 14. Bb1 Rf7 15. Ng5 Bxg5 16. fxg5 Nf8 17. Ra3 Bd7 18. Raf3 Ng6 19. b3 Rc8 20. Ba3 Ncxe5 21. dxe5 Nxe5 22. Rh3 Ng4 23. g6 hxg6 24. Qe1 e5 25. a5 Qd8 26. Rd3 Bb5 27. Rg3 Qh4 0-1

[Event "Lakitelek Magyarok op"]
[Site "Lakitelek"]
[Date "2011.08.11"]
[Round "7"]
[White "Szitasi, Janos"]
[Black "Meszaros, Vilmos"]
[Result "1/2-1/2"]
[WhiteElo "2009"]
[BlackElo "1941"]
[PlyCount "42"]
[EventDate "2011.08.06"]
[EventType "swiss"]
[EventRounds "9"]
[EventCountry "HUN"]
[SourceTitle "CBM 144 Extra"]
[Source "ChessBase"]
[SourceDate "2011.10.28"]
[SourceVersion "1"]
[SourceVersionDate "2011.10.28"]
[SourceQuality "1"]

1. e4 e6 2. d3 d5 3. Nd2 Nf6 4. Ngf3 c5 5. g3 Nc6 6. Bg2 Be7 7. 0-0 0-0 8. Re1 b6 9. c3 Bb7 10. Qc2 dxe4 11. dxe4 e5 12. Nc4 Qc7 13. Bg5 Rad8 14. Nh4 b5 15. Ne3 Na5 16. Nhf5 h6 17. Nxe7+ Qxe7 18. Nf5 Qe6 19. Be3 Nd7 20. b3 Bc6 21. Rad1 Nb7 1/2-1/2

[Event "Lakitelek Magyarok op"]
[Site "Lakitelek"]
[Date "2011.08.08"]
[Round "3"]
[White "Jakab, Benjamin"]
[Black "Meszaros, Vilmos"]
[Result "0-1"]
[WhiteElo "1719"]
[BlackElo "1941"]
[PlyCount "22"]
[EventDate "2011.08.06"]
[EventType "swiss"]
[EventRounds "9"]
[EventCountry "HUN"]
[SourceTitle "CBM 144 Extra"]
[Source "ChessBase"]
[SourceDate "2011.10.28"]
[SourceVersion "1"]
[SourceVersionDate "2011.10.28"]
[SourceQuality "1"]

1. d4 e6 2. c4 d5 3. Nf3 c5 4. cxd5 exd5 5. g3 Nc6 6. Bg2 Nf6 7. 0-0 cxd4 8. Nxd4 Be7 9. a3 0-0 10. h3 Ne4 11. b4 Nxd4 0-1